Fastest Typing ABC in Order - Statistics

General Stats
  • This quiz has been taken 10,300 times
  • The average score is 22 of 26
Answer Stats
Hint Answer % Correct
a a
100%
b b
98%
c c
96%
d d
95%
e e
94%
f f
94%
g g
93%
h h
92%
i i
91%
j j
90%
k k
89%
l l
88%
m m
87%
n n
85%
o o
85%
p p
84%
q q
82%
r r
81%
s s
80%
t t
79%
u u
78%
v v
76%
w w
74%
x x
70%
y y
68%
z z
67%
No matching quizzes found
Score Distribution
Percent of People with Each Score
Percentile by Number Answered
Your Score History
You have not taken this quiz